Breaking Bad Trivia #K - Statistics

General Stats
  • This quiz has been taken 98 times
  • The average score is 6 of 15
Answer Stats
Hint Answer % Correct
First antagonist in the show Krazy-8
85%
Skyler harms Walt with this Knife
72%
Annoying character, who steals Walts parking spot, and gets his car blown up in response Ken
71%
Marie has a __ tedency Kleptomaniac
59%
Mikes granddaughter Kaylee
56%
Jesse made up a superhero, based on this animal Kangaroo
49%
Saul once convinced someone he was __ __ Kevin Costner
37%
Blocks a traintrack with his truck Kuby
34%
In an intro scene, the twins leave this on a goat Keys
28%
Chemical element, also seen in the intro Krypton
28%
Nazi Kenny
26%
Gale likes __, for which Hank makes fun of him Karaoke
22%
Title of an episode in Season 3 Kafkaesque
18%
Sauls guy, who likes to be in prison: James __ James Kilkelly
13%
Skyler notices irregularities in this account as Teds bookkeeper Keller
12%
No matching quizzes found
Score Distribution
Percent of People with Each Score
Percentile by Number Answered
Your Score History
You have not taken this quiz